000 00438nam a2200169Ia 4500
008 230718s9999 xx 000 0 und d
020 _a9780143415138
041 _aeng
082 _a823.4
_bGOL
100 _aGolani S.
_9194495
245 _aCorporate Divas
260 _c2011
_bPortfolio/Penguin
300 _a229
365 _cRs.
_b250.00
700 _aGolani S.
_9194495
906 _dO:0333919-Mar-2013B:284308-Mar-2013
_cGENRL
_b55
999 _c332223
_d332223